Communes du Territoire de Belfort sur une carte - Statistiques

Statistiques générales
  • Ce quiz a été pris 537 fois
  • Le résultat moyen est 35 sur 101
Réponses sur la Carte
Les réponses sont colorées sur une échelle allant du rouge au vert en fonction du pourcentage des utilisateurs qui les ont devinées à leur premier essai. Vous pouvez retrouver ces pourcentages ci-dessous.
 
Statistiques - réponses
Population Nom % Correct
45458 Belfort
99%
5689 Delle
77%
5251 Valdoie
68%
2914 Giromagny
65%
3573 Danjoutin
63%
4627 Bavilliers
59%
1165 Andelnans
57%
1302 Bessoncourt
57%
4164 Offemont
56%
924 Sermamagny
53%
3316 Essert
52%
308 Lepuix-Neuf
52%
1938 Cravanche
50%
1141 Lepuix
50%
1390 Meroux-Moval
50%
1176 Chaux
48%
2021 Évette-Salbert
47%
594 Fontaine
47%
2995 Grandvillars
47%
1492 Rougemont-le-Château
47%
754 Lachapelle-sous-Chaux
46%
584 Lachapelle-sous-Rougemont
46%
1172 Montreux-Château
45%
1281 Trévenans
45%
1037 Roppe
44%
516 Grosmagny
43%
1848 Bourogne
42%
973 Rougegoutte
42%
2625 Châtenois-les-Forges
41%
1068 Morvillars
41%
443 Auxelles-Bas
40%
284 Auxelles-Haut
40%
1572 Chèvremont
40%
1180 Pérouse
40%
5016 Beaucourt
39%
1401 Étueffont
39%
321 Petitmagny
39%
703 Sevenans
39%
955 Éloie
38%
540 Argiésans
37%
238 Botans
37%
668 Vétrigne
37%
285 Bretagne
35%
760 Denney
35%
298 Petit-Croix
35%
999 Vézelois
35%
582 Anjoutey
34%
1416 Joncherey
33%
400 Menoncourt
33%
808 Dorans
32%
435 Phaffans
32%
712 Vescemont
32%
400 Brebotte
31%
264 Buc
31%
237 Frais
31%
1294 Méziré
29%
652 Saint-Germain-le-Châtelet
29%
472 Froidefontaine
28%
173 Croix
27%
917 Foussemagne
27%
355 Angeot
26%
276 Autrechêne
26%
375 Charmois
26%
279 Larivière
26%
291 Banvillars
25%
758 Fêche-l'Église
25%
44 Lamadeleine-Val-des-Anges
25%
304 Novillard
25%
767 Réchésy
25%
336 Reppe
25%
93 Riervescemont
25%
432 Suarce
25%
243 Bethonvilliers
24%
586 Faverois
24%
226 Lacollonge
24%
433 Saint-Dizier-l'Évêque
24%
376 Bermont
23%
239 Felon
23%
331 Grosne
23%
190 Petitefontaine
23%
219 Romagny-sous-Rougemont
23%
245 Urcerey
23%
489 Boron
22%
123 Bourg-sous-Châtelet
22%
340 Chavannes-les-Grands
22%
338 Cunelières
22%
269 Eguenigue
22%
413 Lebetain
22%
403 Montbouton
22%
195 Vauthiermont
22%
243 Vellescot
22%
449 Florimont
21%
280 Thiancourt
21%
138 Chavanatte
20%
120 Courcelles
20%
139 Lagrange
20%
243 Leval
20%
382 Courtelevant
19%
127 Fontenelle
19%
178 Villars-le-Sec
19%
132 Recouvrance
18%
Aucun quiz correspondant
Distribution des résultats
% des personnes avec chaque résultat
Percentile par nombre de réponses
Votre historique - résultats
Vous n’avez pas pris ce quiz